000
00332nam a2200133Ia 4500
008
191201s2008 xx 000 0 und d
100
_a
SEN,Simantee
245
0
_a
Changing Role of Top Management in the Era of Globalization
250
_a
1st
260
_a
Hyderabad
_b
IUP
_c
2008
300
_a
203
650
_a
MBA
942
_2
ddc
_c
BK
999
_c
4725
_d
4725